A. M. Berljant: Karta - vtoroj jazyk geografii

Bibliographic Details
Main Author: Pravda, Ján, 1934-2010 (Author)
Format: Article
Language:Slovak
Subjects:

MARC

LEADER 00000nab a2200000 a 4500
001 vtls000299342
003 SK-MaSNL
005 20260304053722.0
008 250422c1987 xo | | o 0b slo
015 |a SNBRB19rr/mm-uuuuu 
035 |a CL0309461 
035 |a urn:nbn:sk:snk-ab1x1m 
035 |a (urnnbn)urn:nbn:sk:snk:ar-a015t2 
035 |a (uuid)93916f2f-07bc-486f-a273-95ed624f78ed 
040 |a SNKBUCL  |b slo  |c SNKBUCL  |e AACR2 
041 0 |a slo 
044 |a xo  |c SK 
080 |a 528.9:91(048)  |2 1981 
080 |a 91  |2 1981 
100 1 |a Pravda, Ján,  |d 1934-2010  |4 aut  |9 102220 
245 1 0 |a A. M. Berljant: Karta - vtoroj jazyk geografii  |c Ján Pravda 
650 0 7 |a kartografia  |2 snkbucl  |9 820 
650 0 7 |a geografia  |2 snkbucl  |9 823 
655 7 |a recenzie  |2 snkbucl  |9 21907 
773 0 |t Geografický časopis  |g Roč. 39, č. 1 (1987), s. 125-127 
787 0 8 |i Rec.:  |a Berljant, Aleksandr Michajlovič  |t Karta - vtoroj jazyk geografii  |d Prosveščenie : Moskva, 1985 
850 |a Slovenská národná knižnica 
852 |a Slovenská národná knižnica 
954 |a odborná, vedecká literatúra pôvodná (slovenská)  |2 lita 
958 |a article27 
958 |a RC 
958 |a RU 
958 |a OND 
958 |a EUIPO 
999 |c 2714925  |d 2716855